Statistics for Countries with the Lowest GDP per Capita

Click here to take the quiz!

General Stats

  • This quiz has been taken 209 times
  • The average score is 17 of 25

Answer Stats

NumberCountry% Correct
785 $D.R. Congo
89%
1,153 $Niger
87%
808 $Burundi
85%
681 $Central African Republic
80%
2,169 $Mali
78%
2,081 $Rwanda
77%
1,503 $South Sudan
75%
2,219 $Benin
72%
2,039 $Guinea
72%
1,612 $Togo
72%
867 $Liberia
71%
1,266 $Mozambique
71%
1,791 $Sierra Leone
71%
1,884 $Burkina Faso
69%
1,434 $Eritrea
68%
2,113 $Ethiopia
68%
1,686 $Gambia
68%
1,806 $Guinea-Bissau
66%
1,554 $Madagascar
66%
1,172 $Malawi
65%
1,889 $Afghanistan
61%
1,810 $Haiti
53%
1,560 $Comoros
48%
1,958 $Kiribati
21%
2,145 $Solomon Islands
21%

Score Distribution

Percentile by Number Answered

Percent of People with Each Score

Your Score History

You have not taken this quiz